Currencies by Continent - Click Quiz - Statistics

General Stats
  • This quiz has been taken 82 times
  • The average score is 13 of 24
Answer Stats
Hint Explanation Answer % Correct
Won South Korea, North Korea Asia
91%
Euro Germany, France, Italy... Europe
88%
Dollar United States, Canada, Jamaica... North America
88%
Bolívar Venezuela South America
88%
Rupee India, Pakistan, Sri Lanka Asia
86%
Boliviano Bolivia South America
86%
Krone Denmark, Norway Europe
81%
Ruble Russia, Belarus Europe
68%
Rial Iran, Yemen, Oman Asia
58%
Manat Azerbaijan, Turkmenistan Asia
57%
Pa'anga Tonga Oceania
57%
Vatu Vanuatu Oceania
57%
Real Brazil South America
55%
Sol Peru South America
54%
Shilling Tanzania, Kenya, Uganda... Africa
48%
Leu Romania, Moldova Europe
43%
Peso Mexico, Dominican Republic, Cuba North America
43%
Quetzal Guatemala North America
38%
Tala Samoa Oceania
30%
Dinar Algeria, Tunisia, Libya Africa
28%
Kina Papua New Guinea Oceania
25%
Franc DR Congo, Ivory Coast, Cameroon... Africa
23%
Gourde Haiti North America
19%
Pound Egypt, Sudan, South Sudan Africa
13%
No matching quizzes found
Score Distribution
Percent of People with Each Score
Percentile by Number Answered
Your Score History
You have not taken this quiz